00421nam a2200157Ia 4500008004100000020001300041040001700054041001200071082001700083100001800100245003700118250001200155260002900167300001800196500004900214230917s9999||||xx |||||||||||||| ||und|| cEUR79.99 e209710aMAIN aEnglish a615.842 S19F aSaha, Gopal B 0aFundamentals of nuclear pharmacy a6th ed. aNew YorkbSpringerc2010 axviii, 409 p. a2865 23/08/2013 36390 05/09/2013 Main Budget